| 000 | 00732nam a22002417a 4500 | ||
|---|---|---|---|
| 003 | UA-OsUOA | ||
| 001 | 41609 | ||
| 007 | ta | ||
| 008 | 20061004b un ||||| |||| 00| 0 ukr d | ||
| 100 | _aШпоть О. С. | ||
| 090 |
_a94(477).../09 _bШ84 |
||
| 942 | _cBK | ||
| 040 |
_aUA-OsUOA _bukr _cUA-OsUOA _dUA-OsUOA |
||
| 245 |
_a"Велесова книга" - як фрагмент з історії демократії _bнауково-популярне видання |
||
| 300 | _a62 с. | ||
| 955 | _a2 | ||
| 041 | _aukr | ||
| 080 | _a94(477).../09 | ||
| 020 | _a966-96555-1-Х | ||
| 260 |
_aК. _bКоронатор _c2006 |
||
| 650 | 7 |
_a9 Географія. Біографії. Історія _2UDC |
|
| 999 |
_c327749 _d327749 |
||